000 00325nam a2200133Ia 4500
008 150201s2005 xx 000 0 und d
082 _a618.92
_bP05G
100 _aGERA,TARUN
245 _aPRINCIPLES AND PRACTICES OF IMMUNIZATION
250 _a1ST
260 _bPEEPEE
_aDELHI
_c2005
650 _aPAEDIATRICS
942 _2ddc
_cBK
999 _c650
_d650